Paese da suo tennista più forte - Statistics

Statistiche generali
  • Questo quiz è stato fatto 51 volte
  • Il punteggio medio è 20 su 33
Statistiche sulle risposte
Hint Risposta % Corretto
Andy Murray Regno Unito
93%
Daniil Medvedev Russia
93%
Björn Borg Svezia
90%
Jannik Sinner Italia
85%
Casper Ruud Norvegia
85%
Novak Đoković Serbia
85%
Rafael Nadal Spagna
85%
Kei Nishikori Giappone
83%
Stefanos Tsitsipas Grecia
83%
Alexander Bublik Kazakistan
83%
Roger Federer Svizzera
78%
Juan Martín del Potro Argentina
76%
Grigor Dimitrov Bulgaria
76%
Holger Rune Danimarca
73%
René Lacoste Francia
71%
Lleyton Hewitt Australia
61%
Hubert Hurkacz Polonia
61%
Pete Sampras Stati Uniti
61%
Ilie Năstase Romania
59%
Goran Ivanišević Croazia
54%
Boris Becker Germania
54%
Ivan Lendl Rep. Ceca
46%
Thomas Muster Austria
44%
Marcelo Ríos Cile
39%
Marcos Baghdatis Cipro
39%
Kevin Anderson Sudafrica
39%
Gustavo Kuerten Brasile
34%
Milos Raonic Canada
34%
Rafael Osuna Messico
29%
Miloslav Mečíř Slovacchia
29%
Andrés Gómez Ecuador
24%
Anthony Wilding Nuova Zelanda
24%
Richard Krajicek Paesi Bassi
22%
Nessun quiz corrispondente trovato
Distribuzione punteggi
Percentuale di utenti per punteggio
Percentile per numero di risposta
I tuoi punteggi nel tempo
Non hai fatto questo quiz